Wann nahm das Land zuletzt am ESC teil? - Statistiken

Allgemein
  • Dieses Quiz wurde 40 mal gespielt
  • Das Durchschnittsergebnis liegt bei 39 aus 52
Antwortstatistiken
Hint Antwort % Korrekt
Frankreich🇫🇷 2026
100%
Zypern🇨🇾 2026
100%
Vereinigtes Königreich🇬🇧 2026
100%
Italien🇮🇹 2026
97%
Österreich🇦🇹 2026
97%
Albanien🇦🇱 2026
97%
Schweiz🇨🇭 2026
97%
Deutschland🇩🇪 2026
97%
Schweden🇸🇪 2026
97%
Ukraine🇺🇦 2026
97%
Norwegen🇳🇴 2026
97%
Griechenland🇬🇷 2026
97%
Finnland🇫🇮 2026
97%
Island🇮🇸 2025
94%
Belgien🇧🇪 2026
94%
Litauen🇱🇹 2026
94%
Dänemark🇩🇰 2026
94%
Polen🇵🇱 2026
94%
Luxemburg🇱🇺 2026
94%
Malta🇲🇹 2026
94%
Armenien🇦🇲 2026
94%
Israel🇮🇱 2026
94%
Spanien🇪🇸 2025
91%
Irland🇮🇪 2025
91%
Slowenien🇸🇮 2025
91%
Niederlande🇳🇱 2025
91%
Kroatien🇭🇷 2026
91%
Portugal🇵🇹 2026
91%
Lettland🇱🇻 2026
91%
San Marino🇸🇲 2026
91%
Serbien🇷🇸 2026
88%
Estland🇪🇪 2026
88%
Australien🇦🇺 2026
88%
Tschechien🇨🇿 2026
88%
Georgien🇬🇪 2026
85%
Aserbaidschan🇦🇿 2026
85%
Montenegro🇲🇪 2026
79%
Jugoslawien 1992
56%
Marokko🇲🇦 1980
47%
Russland🇷🇺 2021
47%
Türkei🇹🇷 2012
44%
Moldau🇲🇩 2026
41%
Rumänien🇷🇴 2026
35%
Ungarn🇭🇺 2019
32%
Bosnien🇧🇦 2016
29%
Bulgarien🇧🇬 2026
29%
Andorra🇦🇩 2009
26%
Nordmazedonien🇲🇰 2022
26%
Slowakei🇸🇰 2012
21%
Belarus🇧🇾 2020
18%
Monaco🇲🇨 2006
15%
Serbien & Montenegro 2005
9%
Keine übereinstimmenden Quizze gefunden
Verteilung der Resultate
Anzahl Personen mit jedem Resultat
Perzentil nach korrekt beantworteten Fragen
Ihre Resultats-Entwicklung
Sie haben dieses Quiz noch nicht gespielt